000
00298 a2200109 4500
005
20250926115321.0
020
_a
9780143451112
100
_a
Aroor S.
_9
213445
245
_a
India's Most Fearless 3: New Military Stories Of Unimaginable Courage And sacrifice
260
_b
Penguin
_c
2022
942
_c
AR
999
_c
367886
_d
367886